000 00431nam a2200193Ia 4500
008 210210b1875 xxu||||| |||| 00| 0 eng d
041 _aeng
082 _a920/95
100 _aTOCQUEVILLE (A)
245 _aDemocracy in America Vol I
260 _aLondon
_bLongman Green & Co.
_c1875
650 _aVol
650 _ain
650 _aI
650 _aDemocracy
650 _aAmerica
690 _aHistory
906 _a024837
999 _c150457
_d150457